Warriors- ThunderClan Cats - Statistics

General Stats
  • This quiz has been taken 471 times
  • The average score is 8 of 15
Answer Stats
Hint Answer % Correct
Carried off by a hawk (ADP) Snowkit
89%
Murdered to protect Squirrelflight and Leafpool's secret (LS) Ashfur
72%
Murdered by Tigerstar to give the dog pack a taste for cat blood (ADP) Brindleface
68%
Killed by Bone in the battle against BloodClan (TDH) Whitestorm
68%
Killed by a falling tree (FE) Longtail
67%
Killed by Hawkfrost in the battle against the Dark Forest (TLH) Hollyleaf
60%
Hit by a Monster while fighting alongside Bluefur (BP) Snowfur
60%
Killed a second time by Mapleshade (TLH) Spottedleaf
59%
Dies of his wounds after ShadowClan invades (ITW) Lionheart
56%
Killed by Brokenstar during the battle against the Place of No Stars (TLH) Ferncloud
41%
Dies of smoke inhalation (RS) Patchpelt
39%
One of many brutally killed by badgers in the invasion (T) Sootfur
39%
Killed by an unknown tom during the Dark Forest battle (TLH) Mousefur
32%
Killed by a falling branch sometime between Sunset and The Sight Rainwhisker
29%
Both of these cats stay behind in the old forest when the Clans are forced out (Dawn) Frostfur and Speckletail
13%
No matching quizzes found
Score Distribution
Percent of People with Each Score
Percentile by Number Answered
Your Score History
You have not taken this quiz